000 00602nab a2200193 a 4500
005 20210219155109.0
008 991125s1985 mx 000 0 spa u
035 _aUPN01000138422
100 1 _aGonzález García, Clara
222 _aREVISTA MEXICANA DE PEDAGOGIA
245 _aEl enfoque sistémico en la terapia familiar y su aplicación en los contextos escolares
300 _a27-30
362 0 _a2004 Año 15, no. 78, jul.-ago.
653 0 _aTERAPIA FAMILIAR
653 0 _aPSICOLOGIA DEL NIÑO
653 0 _aESCUELA
700 0 _aGonzález García, Silvia,
_ecoaut.
905 _aArticulo
999 _c110570
_d110570